Confronting Iran: The Failure of American Foreign Policy and the Next Great Crisis in the Middle East (Record no. 62510)
[ view plain ]
| 000 -LEADER | |
|---|---|
| fixed length control field | 00574nam a22001937a 4500 |
| 003 - CONTROL NUMBER IDENTIFIER | |
| control field | NUST - PNEC |
| 005 - DATE AND TIME OF LATEST TRANSACTION | |
| control field | 20170116180750.0 |
| 008 - FIXED-LENGTH DATA ELEMENTS--GENERAL INFORMATION | |
| fixed length control field | 150307b xxu||||| |||| 00| 0 eng d |
| 020 ## - INTERNATIONAL STANDARD BOOK NUMBER | |
| International Standard Book Number | 100465003508 |
| 040 ## - CATALOGING SOURCE | |
| Transcribing agency | LIBRARY |
| 082 ## - DEWEY DECIMAL CLASSIFICATION NUMBER | |
| Classification number | 327.73055 ANS |
| 100 ## - MAIN ENTRY--PERSONAL NAME | |
| 9 (RLIN) | 1635 |
| Personal name | Ansari M. Ali |
| 245 ## - TITLE STATEMENT | |
| Title | Confronting Iran: The Failure of American Foreign Policy and the Next Great Crisis in the Middle East |
| Statement of responsibility, etc. | Ali M. Ansari |
| 250 ## - EDITION STATEMENT | |
| Edition statement | - |
| 260 ## - PUBLICATION, DISTRIBUTION, ETC. | |
| Place of publication, distribution, etc. | New York |
| Name of publisher, distributor, etc. | Basic Books |
| Date of publication, distribution, etc. | c2006. |
| 300 ## - PHYSICAL DESCRIPTION | |
| Extent | 280 p. : |
| 650 ## - SUBJECT ADDED ENTRY--TOPICAL TERM | |
| 9 (RLIN) | 1636 |
| Topical term or geographic name entry element | Foreign Relations |
| General subdivision | General |
| 942 ## - ADDED ENTRY ELEMENTS (KOHA) | |
| Source of classification or shelving scheme | |
| Koha item type | Book |
| Withdrawn status | Lost status | Source of classification or shelving scheme | Damaged status | Not for loan | Permanent Location | Current Location | Shelving location | Date acquired | Source of acquisition | Cost, normal purchase price | Total Checkouts | Full call number | Barcode | Date last seen | Cost, replacement price | Price effective from | Koha item type |
|---|---|---|---|---|---|---|---|---|---|---|---|---|---|---|---|---|---|
| Pakistan Navy Engineering College (PNEC) | Pakistan Navy Engineering College (PNEC) | 05/28/2008 | Liberty Book Store | 1295.00 | 327.73055 ANS | PNECLIB-028651 | 03/07/2015 | 1295.00 | 05/28/2008 | Book |
